000 00778cam a22002413a 4500
001 27548
003 PGUSA
005 20140828083609.0
008 081216s2008||||xxu|||||s|||||000 | eng d
040 _aPGUSA
_beng
042 _adc
050 4 _aSB
100 1 _aWatkins, Thomas
245 1 4 _aThe art of promoting the growth of the cucumber and melon :
_bin a series of directions for the best means to be adopted in bringing them to a complete state of perfection
_h[electronic resource] /
_cThomas Watkins
260 _bProject Gutenberg,
_c2008
506 _aPublic domain in the USA.
516 _aElectronic text
653 _aCucumbers
653 _aMelons
830 0 _aProject Gutenberg
_v27548
856 4 0 _uhttp://www.gutenberg.org/ebooks/27548
942 _cEB
999 _c256803
_d256803